000
00273nam a2200121Ia 4500
008
190216s9999||||xx |||||||||||||| ||und||
100
_a
Harold Robbins
245
0
_a
Tycoon
260
_b
Simon And Schuster
_c
1997
300
_a
416p
650
_a
English Novel
942
_c
BK
999
_c
14015
_d
14015